| 000 | 00943cam a2200241 a 4500 | ||
|---|---|---|---|
| 001 | 158 | ||
| 003 | BR-CuiBMT | ||
| 005 | 20231114232725.0 | ||
| 008 | 230822s2023 mgb 000 0 por d | ||
| 020 | _a9786555184921 | ||
| 040 |
_aBR-CuiBMT _cBR-CuiBMT |
||
| 080 |
_22007 _a342.7 _x(81) |
||
| 090 |
_a342.7(81) _bM152t |
||
| 100 | 1 |
_aMaciel, Moises, _d1969- |
|
| 245 | 1 | 2 |
_aO tribunal de contas e o direito fundamental à segurança cibernética : _bpressuposto da governança nas cidades digitais brasileiras em busca da proteção da pessoa humana numa sociedade da informação / _cMoises Maciel ; prefácio Thami Covatti Piaia. |
| 260 |
_aBelo Horizonte : _bFórum, _c2023. |
||
| 300 |
_a429 p. ; _c22 cm |
||
| 504 | _aInclui bibliografia. | ||
| 650 |
_aDireitos fundamentais _xCidadãos _zBrasil |
||
| 650 |
_aProteção de dados pessoais _xGovernança |
||
| 650 |
_aSegurança cibernética _xPolíticas públicas _zBrasil |
||
| 942 |
_2udc _cLV |
||
| 999 |
_c158 _d158 |
||